Prognozirovanije i izmenenije naučno-techničeskogo progressa

Gespeichert in:
Bibliographische Detailangaben
1. Verfasser: Kul'bovskaja, N.K
Format: Buch
Sprache:Russisch
Veröffentlicht: Moskva Nauka 1976
Tags: Tag hinzufügen
Keine Tags, Fügen Sie das erste Tag hinzu!

MARC

LEADER 00000nam a2200000 4500
001 c131375
005 20041019155252.2
041 0 |a rus 
044 |a RU 
245 1 0 |a Prognozirovanije i izmenenije naučno-techničeskogo progressa  |c N.K. Kul'bovskaja 
264 1 |a Moskva  |b Nauka  |c 1976 
300 |a 118 s. 
100 1 |a Kul'bovskaja, N.K.